TV Shows by Series Finale Quiz Stats

 Plays Quiz Updated Feb 16, 2012

Challenge
Share
Tweet
Embed
Score 0/20 Timer 06:00
3 Plays Today
Series Ending % Correct
Two characters adopt twins and move away from the city, while two other reignite their on again, off again relationship.Friends
79.1%
A man knocks on a bar door, but the bartender tells him 'Sorry, we're closed.'Cheers
78.3%
It's New Years Eve in 1979, so obviously this show must end.That '70s Show
72.1%
The main characters are all arrested and put in jail for a year.Seinfeld
65.9%
A young former cheerleader finally destroys the demon portal beneath her town.Buffy the Vampire Slayer
57.5%
As the helicopter lifts off, the man on board sees the word 'Goodbye' written out in stones on the ground.M*A*S*H
55.3%
A family enjoys a seemlingly quiet dinner at a restaurant. They never stopped believ-The Sopranos
49.3%
Two FBI agents are hiding out in a motel in New Mexico to escape what will happen on December 22nd, 2012.The X Files
47.8%
The title character remains in California for college while his Aunt and Uncle move away, and one of his cousins goes to Princeton.The Fresh Prince of Bel-Air
47%
A ship captain sits down to play cards with his crew. 'Five Card Stud, nothing wild. And the sky's the limit.' Star Trek: The Next Generation
43.6%
Series Ending % Correct
The butler and the business associate finally get married as the title character gives birth to twins in an elevator.The Nanny
31%
A man wakes up from a dream in which he owned an inn in a small town.Newhart
28.7%
A man chooses to move to Indiana with his entire house in the ultimate home project, but whether it is just his imagination or not is left up to you!Home Improvement
24.9%
A young autistic boy puts down a snowglobe that contains a replica of a hospital. St. Elsewhere
23.3%
The cast discovers a new home world, and they name it Earth.Battlestar Galactica
19.2%
Three of the old friends decide to stay together as roommates, while the fourth moves away to Atlanta after her wedding day.The Golden Girls
18.9%
A bloodied, babbling Agent Cooper looks into a mirror, while laughing maniacally.Twin Peaks
16.2%
Flashforwards of some milestone events in the main characters' lives and, ultimately, their deaths.Six Feet Under
13.1%
A young boy at Harvard puts away his janitorial equipment and rushes off to class, while his mother finds out that she is pregnant with her 6th child.Malcolm in the Middle
12.6%
All of the title character's old enemies unite to exact their revenge on him. Good thing the title character has his kung-fu fists of fury.Walker, Texas Ranger
9.7%

You're not logged in!

Compare scores with friends on all Sporcle quizzes.
Join for Free
OR
Log In

You Might Also Like...

Show Comments

Extras

Top Quizzes Today


Score Distribution

Your Account Isn't Verified!

In order to create a playlist on Sporcle, you need to verify the email address you used during registration. Go to your Sporcle Settings to finish the process.

Report this User

Report this user for behavior that violates our Community Guidelines.

Details: